LEADER 01378nam a2200349 a 4500 001 000000123972 003 CaOOAMICUS 005 20101221103205.0 008 101221m20109999it u000 u ita r 020 $a978-88-13-30051-7 (v. 2) 040 $aPUL$bita 041 1 $aita$heng 082 04$a341.753 110 1 $aItalia.$0(OLS)http://pul/name/1188 245 10$aManuale di diritto commerciale internazionale /$cFabio Bortolotti. 250 $a3. ed. 260 $aPadova :$bCEDAM,$c2010- 300 $av. <2> ;$c24 cm. 500 $aTesto su due colonne. 504 $aInclude riferimenti bibliografici. 505 0 $aV. 2. I singoli contratti internazionali. 546 $aAlcune parti anche in inglese. 650 4$aDiritto commerciale internazionale.$0(OLS)http://pul/subject/25158 700 1 $aBortolotti, Fabio.$0(OLS)http://pul/name/66933 850 $aPUL 852 $aPUL$W1$xSL Diritto e Scienze Sociali 3$y79$m341. 753 BORFA 1$j142852$av. 2$qDDC 21$B141787$CPULBib$Z2$F141787 $H115288 $82 941 1 $a9 996 $6020$a978-88-13-30051-7 (v. 2)$9(OLS)http://pul/number/146141 996 $6082$a341.753$9(OLS)http://pul/classification/1805 996 $6245$aManuale di diritto commerciale internazionale$9(OLS)http://pul/title/156290 996 $6260$aPadova :$bCEDAM$9(OLS)http://pul/publisher/48126 LEADER 01081nam a2200289 a 4500 001 000000169893 003 CaOOAMICUS 005 20181010144444.0 008 181010s1991 xxu 000 u eng r 020 $a0-07-040126-8* 032 $aLibriCat 040 $aPul$bita 245 00$aBiomedical ethics /$cThomas A. Mappes, Jane S. Zembaty . 250 $aThird edition. 260 $aNew York [etc.] :$bMcGraw-Hill,$cİ1986. 300 $aXIV, 641 p. ;$c24 cm. 650 4$aEtica medica.$0(OLS)http://pul/subject/38158 650 4$aBioetica.$0(OLS)http://pul/subject/2868 700 1 $aMappes, Thomas A.$0(OLS)http://pul/name/109331 700 1 $aZembaty, Jane S.$0(OLS)http://pul/name/109332 850 $aPUL 852 $aPUL$W1$xDP1 Fondo Seidl$y56$m4 B 80$j163354$qFondi$B198005$CPULBib$Z2$F198005 $81 941 1 $a1 996 $6020$a0-07-040126-8*$9(OLS)http://pul/number/164884 996 $6245$aBiomedical ethics$9(OLS)http://pul/title/134839 996 $6260$aNew York [etc.] :$bMcGraw-Hill$9(OLS)http://pul/publisher/78150